Water Resource Augmentation Management & Policies (Record no. 30013)

MARC details
000 -LEADER
fixed length control field 00350nam a22001457a 4500
003 - CONTROL NUMBER IDENTIFIER
control field OSt
005 - DATE AND TIME OF LATEST TRANSACTION
control field 20220211111055.0
008 - FIXED-LENGTH DATA ELEMENTS--GENERAL INFORMATION
fixed length control field 220211b |||||||| |||| 00| 0 eng d
020 ## - INTERNATIONAL STANDARD BOOK NUMBER
International Standard Book Number 818768013x
040 ## - CATALOGING SOURCE
Transcribing agency HU
082 ## - DEWEY DECIMAL CLASSIFICATION NUMBER
Classification number 627
100 ## - MAIN ENTRY--PERSONAL NAME
Personal name Sarvothaman
9 (RLIN) 30270
245 ## - TITLE STATEMENT
Title Water Resource Augmentation Management & Policies
942 ## - ADDED ENTRY ELEMENTS (KOHA)
Source of classification or shelving scheme Dewey Decimal Classification
Koha item type Books like text book referance book
Suppress in OPAC No
Holdings
Withdrawn status Lost status Source of classification or shelving scheme Damaged status Not for loan Home library Current library Shelving location Date acquired Total Checkouts Full call number Barcode Date last seen Copy number Price effective from Koha item type
    Dewey Decimal Classification     IoT Library IoT Library General Stacks 02/11/2022   627/SAR/2004 IOTL0012165 02/11/2022 1 02/11/2022 Books like text book referance book
    Dewey Decimal Classification     IoT Library IoT Library General Stacks 02/11/2022   627/SAR/2004 IOTL0012166 02/11/2022 2 02/11/2022 Books like text book referance book
    Dewey Decimal Classification     IoT Library IoT Library General Stacks 02/11/2022   627/SAR/2004 IOTL0012167 02/11/2022 3 02/11/2022 Books like text book referance book
    Dewey Decimal Classification     IoT Library IoT Library General Stacks 02/11/2022   627/SAR/2004 IOTL0012168 02/11/2022 4 02/11/2022 Books like text book referance book
    Dewey Decimal Classification     IoT Library IoT Library General Stacks 02/11/2022   627/SAR/2004 IOTL0012169 02/11/2022 5 02/11/2022 Books like text book referance book